New Zealand Rugby All Blacks - Debut prior to 21st birthday - Statistics

General Stats
  • This quiz has been taken 349 times
    89 since last reset
  • The average score is 9 of 29
Answer Stats
Year Age Player % Correct
2016 19 years, 214 days Rieko Ioane
86%
1994 19 years, 45 days Jonah Lomu
76%
2017 20 years, 115 days Jordie Barrett
68%
2001 20 years, 321 days Richard McCaw
65%
1996 20 years, 116 days Christian Cullen
54%
1984 19 years, 183 days John Kirwan
50%
1993 20 years, 27 days Jeff Wilson
49%
2003 20 years, 8 days Joe Rokocoko
46%
1970 19 years, 295 days Bryan Williams
39%
2020 20 years, 257 days Tupou Vaa'i
38%
2005 19 years, 315 days Isaia Toeava
35%
2001 20 years, 231 days Jerry Collins
33%
2012 20 years, 155 days Sam Cane
32%
1975 20 years, 51 days Bill Osborne
29%
1989 20 years, 55 days Craig Innes
29%
1990 20 years, 245 days Walter Little
29%
1998 20 years, 290 days Caleb Ralph
26%
2021 20 years, 279 days Josh Lord
26%
2001 20 years, 353 days Aaron Mauger
24%
1986 20 years, 55 days Marty Berry
24%
2020 20 years, 323 days Cullen Grace
22%
2009 20 years, 272 days Zac Guildford
22%
2003 20 years, 172 days Ben Atiga
13%
1981 20 years, 330 days Arthur Stone
10%
1972 20 years, 132 days Bruce Robertson
8%
1971 20 years, 283 days Bruce Hunter
1%
1980 19 years, 276 days Geoff Hines
1%
1971 20 years, 296 days Ken Carrington
1%
1973 20 years, 255 days Ken Stewart
0%
No matching quizzes found
Score Distribution
Percent of People with Each Score
Percentile by Number Answered
Your Score History
You have not taken this quiz since the last reset